La España que bosteza : (Record no. 44576)

MARC details
000 -LEADER
campo de control de longitud fija 01182nam a2200265 i 4500
001 - NÚMERO DE CONTROL
campo de control 44576
003 - IDENTIFICADOR DE NÚMERO DE CONTROL
campo de control ES-MaACL
005 - FECHA Y HORA DE LA ÚLTIMA TRANSACCIÓN
campo de control 20230906161046.0
007 - CAMPO FIJO DE DESCRIPCIÓN FÍSICA--INFORMACIÓN GENERAL
campo de control de longitud fija t|
008 - DATOS DE LONGITUD FIJA--INFORMACIÓN GENERAL
campo de control de longitud fija 030321s1980 sp ||||1| spa d
020 ## - NÚMERO INTERNACIONAL ESTÁNDAR DEL LIBRO
Número Internacional Estándar del Libro 84-306-3045-7
080 ## - NÚMERO DE LA CLASIFICACIÓN DECIMAL UNIVERSAL
Número de la Clasificación Decimal Universal 32(460)"1975/.."
080 ## - NÚMERO DE LA CLASIFICACIÓN DECIMAL UNIVERSAL
Número de la Clasificación Decimal Universal 308(460)"1975/.."
100 1# - ENTRADA PRINCIPAL--NOMBRE DE PERSONA
Nombre de persona Cebrián, Juan Luis.
9 (RLIN) 37296
245 13 - MENCIÓN DEL TÍTULO
Título La España que bosteza :
Resto del título apuntes para una historia crítica de la Transición /
Mención de responsabilidad, etc. Juan Luis Cebrián.
260 ## - PUBLICACIÓN, DISTRIBUCIÓN, ETC.
Lugar de publicación, distribución, etc. Madrid :
Nombre del editor, distribuidor, etc. Taurus,
Fecha de publicación, distribución, etc. [1980]
300 ## - DESCRIPCIÓN FÍSICA
Extensión 145 p. ;
Dimensiones 21 cm.
490 1# - MENCIÓN DE SERIE
Mención de serie Biblioteca política Taurus ;
Designación de volumen o secuencia 45
505 8# - NOTA DE CONTENIDO CON FORMATO
Nota de contenido con formato Contiene: Introducción al miedo ; La experiencia del período constituyente ; La reforma hecha, las reformas pendientes ; Las autonomías ; La crisis de los partidos ; La ley y la trampa ; La cuestión religiosa: la escuela y la familia ; La prensa en crisis ; Las incógnitas de la política exterior ; El derecho a la felicidad
651 #4 - PUNTO DE ACCESO ADICIONAL DE MATERIA--NOMBRE GEOGRÁFICO
Nombre geográfico España-
Subdivisión general Historia-
Subdivisión cronológica 1975-1982, Transición.
9 (RLIN) 149272
651 #4 - PUNTO DE ACCESO ADICIONAL DE MATERIA--NOMBRE GEOGRÁFICO
Nombre geográfico España-
Subdivisión general Situación social-
Subdivisión cronológica 1975-1982.
9 (RLIN) 8507
830 1# - PUNTO DE ACCESO ADICIONAL DE SERIE-TÍTULO UNIFORME
Título uniforme Biblioteca política Taurus ;
Designación de volumen o secuencia 45
9 (RLIN) 176515
852 4# - LOCALIZACIÓN
Ubicación ES-MaACL
Número de control de estantería L-209
Holdings
Estatus retirado Estado de pérdida Estado de daño No para préstamo Biblioteca de origen Biblioteca actual Ubicación en estantería Fecha de adquisición Fuente de adquisición Total de préstamos Signatura topográfica completa Código de barras Visto por última vez Precio de reemplazo Tipo de ítem Koha
        Biblioteca del Ateneo de Madrid Biblioteca del Ateneo de Madrid Depósito 2 17/01/2008     L-209 1046918 23/02/2023 23/02/2023 Libro impreso